000 00471nam a2200205Ia 4500
001 12006
003 GE_BSU
008 181216s||||||||xx |||||||||||||| ||und||
020 _a9780007734092
040 _cGE_BSU
080 _a821.111-312.4
100 _aPatterson,James
245 4 _aThe midnight club hide and seek
260 _aLondon
260 _bGrafton
260 _c2005.
300 _a355p;18cm.
653 _aThe midnight club hide and seek
942 _cBK
999 _c45183
_d45183